Score 0/15 Timer 03:00
0 Plays Today
Question Answer Wrong Answers
What is the capital of Denmark? Copenhagen
97.5%
Oslo
0%
Odense
0%
Malmö
2.5%
What is the name of the largest peninsula in Denmark? Jutland
95%
Langeland
0%
Djursland
0%
Falster
2.5%
Which famous toy company was founded in Denmark? Lego
92.5%
Mattel
2.5%
Playmobil
0%
Hasbro
0%
Denmark only borders one country, which one? Germany
85%
Sweden
5%
Norway
2.5%
The Netherlands
0%
What are the special Danish vowels? Æ, Ø, and Å
82.5%
Ä, Ö, and Ü
10%
AE, OE, and AA
2.5%
Ã, Õ, and Á
0%
What famous attraction can be seen in the nation's capital? The Little Mermaid
80%
The Jelling Stones
0%
Hans Christian Andersen Museum
7.5%
Kronborg Castle
5%
Which one is the Danish national flag?
72.5%
17.5%
2.5%
5%
The second largest city in Denmark is? Aarhus
70%
Odense
15%
Aalborg
5%
Esbjerg
7.5%
What is the largest island in Denmark (excluding Greenland)? Sjælland
67.5%
Lolland
2.5%
Fyn
12.5%
Bornholm
12.5%
What is the name of the Danish flag? Dannebrog
62.5%
Dannevang
5%
Dannevirke
12.5%
Danskhed
15%
What is the name of the Danish parliament? Folketinget
62.5%
Altinget
12.5%
Landstinget
7.5%
Dansktinget
12.5%
The words 'married' and 'poison' share the same word in Danish (I know, right). Which one is it? Gift
60%
Hus
10%
Midte
17.5%
Håbe
7.5%
How big is the Danish population (January 2020)? 5,822,763
57.5%
2,543,764
2.5%
7,458,122
25%
9,843,734
10%
In size, Denmark (excluding Greenland) is closest to which country? Switzerland
50%
Jamaica
7.5%
Greece
20%
Iceland
15%
How high is the highest natural point in Denmark? Around 170 m
45%
Around 540 m
27.5%
Around 1120 m
10%
Around 810 m
12.5%
Remove Ads.
Support Sporcle.
Get the best of Sporcle when you Go Orange. This ad-free experience offers more features, more stats, and more fun while also helping to support Sporcle. Thank you for becoming a member.

You're not logged in!

Compare scores with friends on all Sporcle quizzes.
OR
Log In

Sporcle TV

Today on Sporcle TV


Watch our educational content, quiz creation guides, and fun videos on Sporcle TV.

Show Comments

Extras

Created May 13, 2020ReportNominate
Tags:Country Quiz, Europe Quiz

Top Quizzes Today


Score Distribution

Paid Content

Your Account Isn't Verified!

In order to create a playlist on Sporcle, you need to verify the email address you used during registration. Go to your Sporcle Settings to finish the process.

Report this User

Report this user for behavior that violates our Community Guidelines.

Details: